01266 a2200229 4500003000500000005001700005010001700022020003600039040000900075082001700084100002300101245006300124260004400187300005900231505033000290650005300620650004900673650004800722856009800770856009000868856007800958Nust20221219101511.0 a 2002027225 a0471218766 (cloth : alk. paper) cNust00a621.3824,MAK1 aMakarov, Sergey N.10aAntenna and EM modeling with Matlab / cSergey N. Makarov. aNew York :bWiley-Interscience,cc2002. axiii, 273 p. :bill. ;c25 cm. +e1 CD-ROM (4 3/4 in.) a Introduction (Page-1), Receiving Antenna (Page-11), Algorithm for Far and Near Fields (Page-39), Dipole and Monopole Antennas (Page-57), Loop Antennas (Page-89), Antenna Arrays (Page-113), Broadband Antennas (Page-151), Ultra Wideband Communications Antenna (Page-193), Antenna Loading (Page-223), Patch Antennas (Page-233). 0aAntenna radiation patternsxComputer simulation. 0aAntennas (Electronics)xComputer simulation. 0aElectromagnetic wavesxComputer simulation.423Contributor biographical informationuhttp://www.loc.gov/catdir/bios/wiley044/2002027225.html423Publisher descriptionuhttp://www.loc.gov/catdir/description/wiley036/2002027225.html423Table of contentsuhttp://www.loc.gov/catdir/toc/wiley023/2002027225.html